[Event "Warsaw AIG Life rapid 7th"]
[Site "Warsaw"]
[Date "2007.12.15"]
[Round "2"]
[White "Tyszkiewicz, Zbigniew"]
[Black "Grabarczyk, Miroslaw"]
[Result "0-1"]
[WhiteElo "2093"]
[BlackElo "2464"]
[PlyCount "37"]
[EventDate "2007.12.15"]
[EventType "swiss (rapid)"]
[EventRounds "13"]
[EventCountry "POL"]
[SourceTitle "CBM 121 Extra"]
[Source "ChessBase"]
[SourceDate "2008.01.10"]
[SourceVersion "1"]
[SourceVersionDate "2008.01.10"]
[SourceQuality "1"]

1. Nf3 d5 2. d4 Nf6 3. c4 dxc4 4. Qa4+ Nbd7 5. Qxc4 e6 6. a3 a6 7. Bg5 c5 8. e3 b5 9. Qc2 Bb7 10. dxc5 Bxc5 11. b4 Be7 12. Nbd2 Rc8 13. Qb2 0-0 14. Be2 h6 15. Bh4 Ne4 16. Bxe7 Qxe7 17. Nxe4 Bxe4 18. Rc1 Qf6 19. Qd2 0-1

[Event "POL-chT 2nd League"]
[Site "Wysowa"]
[Date "2007.09.11"]
[Round "9.99"]
[White "Skrzypczak, Michal"]
[Black "Tyszkiewicz, Zbigniew"]
[Result "1/2-1/2"]
[WhiteElo "1953"]
[BlackElo "2093"]
[PlyCount "35"]
[EventDate "2007.09.03"]
[EventType "team-swiss"]
[EventRounds "9"]
[EventCountry "POL"]
[SourceTitle "EXT 2019"]
[Source "ChessBase"]
[SourceDate "2018.10.10"]
[SourceVersion "1"]
[SourceVersionDate "2018.10.10"]
[SourceQuality "1"]
[WhiteTeam "Srem LKS Piast"]
[BlackTeam "Pultusk Nadnarwianka"]
[WhiteTeamCountry "POL"]
[BlackTeamCountry "POL"]

1. b4 Nf6 2. Bb2 e6 3. a3 d5 4. e3 Bd6 5. Nf3 0-0 6. c4 dxc4 7. Bxc4 c6 8. 0-0 a5 9. bxa5 Rxa5 10. d3 Qe7 11. a4 Nbd7 12. Nbd2 b6 13. Bb3 Ra8 14. Nd4 Bb7 15. f4 Rfc8 16. Kh1 Nc5 17. Bc2 Qc7 18. Nc4 1/2-1/2

[Event "POL-chT 2nd League"]
[Site "Wysowa"]
[Date "2007.09.05"]
[Round "3"]
[White "Tyszkiewicz, Zbigniew"]
[Black "Sron, Przemyslaw"]
[Result "1/2-1/2"]
[WhiteElo "2093"]
[BlackElo "2000"]
[PlyCount "51"]
[EventDate "2007.09.03"]
[EventType "team-swiss"]
[EventRounds "9"]
[EventCountry "POL"]
[SourceTitle "EXT 2010"]
[Source "ChessBase"]
[SourceDate "2010.11.25"]
[SourceVersion "1"]
[SourceVersionDate "2010.11.25"]
[SourceQuality "1"]
[WhiteTeam "Pultusk Nadnarwianka"]
[BlackTeam "Poznan Komandoria"]
[WhiteTeamCountry "POL"]
[BlackTeamCountry "POL"]

1. Nf3 d5 2. d4 Nc6 3. g3 g6 4. Bg2 Bg7 5. 0-0 Bg4 6. c3 Qd7 7. Re1 Bxf3 8. Bxf3 Nf6 9. b4 h5 10. Nd2 h4 11. Bg2 hxg3 12. fxg3 Ne4 13. Nxe4 dxe4 14. e3 f5 15. a4 Rd8 16. Qb3 e6 17. Bf1 Ne7 18. Ra2 Kf7 19. Rf2 Rh7 20. Bg2 Bf6 21. Ref1 Ng8 22. b5 Kg7 23. Ba3 Be7 24. Bxe7 Qxe7 25. Qb4 Qxb4 26. cxb4 1/2-1/2

[Event "Zlota Wieza op 49th"]
[Site "Gniezno"]
[Date "2007.05.26"]
[Round "9"]
[White "Tyszkiewicz, Zbigniew"]
[Black "Sygulski, Boguslaw"]
[Result "0-1"]
[WhiteElo "2109"]
[BlackElo "2261"]
[PlyCount "84"]
[EventDate "2007.05.20"]
[EventType "swiss"]
[EventRounds "9"]
[EventCountry "POL"]
[SourceTitle "EXT 2011"]
[Source "ChessBase"]
[SourceDate "2010.11.26"]
[SourceVersion "1"]
[SourceVersionDate "2010.11.26"]
[SourceQuality "1"]

1. Nf3 c5 2. c4 g6 3. g3 Bg7 4. Bg2 Nc6 5. 0-0 e6 6. Nc3 Nge7 7. d3 0-0 8. Bf4 e5 9. Bd2 h6 10. Ne1 d6 11. a3 Be6 12. Nc2 Qd7 13. Re1 Nd4 14. Ne3 Bh3 15. Bh1 f5 16. Ned5 f4 17. Nxe7+ Qxe7 18. e3 fxe3 19. fxe3 Ne6 20. Ne4 h5 21. Bc3 Bh6 22. Nf2 Ng5 23. Qc2 Kh7 24. b4 Bg4 25. Bg2 Nf3+ 26. Bxf3 Bxf3 27. bxc5 dxc5 28. e4 h4 29. Bd2 hxg3 30. hxg3 Bf4 31. Nh3 Bxg3 32. Ng5+ Kg8 33. Be3 Bxe1 34. Rxe1 Bh5 35. Kh2 Rad8 36. Rg1 Qd6 37. Qc1 b6 38. Rg3 Qxd3 39. Ne6 Rf1 40. Qb2 Qxe4 41. Qg2 Qxg2+ 42. Kxg2 Rdd1 0-1

[Event "Zlota Wieza op 49th"]
[Site "Gniezno"]
[Date "2007.05.25"]
[Round "8"]
[White "Murawski, Eugeniusz"]
[Black "Tyszkiewicz, Zbigniew"]
[Result "0-1"]
[WhiteElo "1964"]
[BlackElo "2109"]
[PlyCount "82"]
[EventDate "2007.05.20"]
[EventType "swiss"]
[EventRounds "9"]
[EventCountry "POL"]
[SourceTitle "EXT 2011"]
[Source "ChessBase"]
[SourceDate "2010.11.26"]
[SourceVersion "1"]
[SourceVersionDate "2010.11.26"]
[SourceQuality "1"]

1. b4 c6 2. Bb2 Qb6 3. a3 a5 4. c4 axb4 5. c5 Qc7 6. axb4 Rxa1 7. Bxa1 b6 8. d4 Nf6 9. Nc3 d5 10. e3 b5 11. Bd3 g6 12. Nge2 Bg7 13. h3 0-0 14. 0-0 Bf5 15. Bxf5 gxf5 16. Ng3 e6 17. Nce2 Nbd7 18. Bc3 Ra8 19. Qb3 h5 20. Ra1 Rxa1+ 21. Bxa1 Qa7 22. Bb2 h4 23. Nf1 Bh6 24. f3 Nh5 25. Kf2 Ndf6 26. Qa3 Qc7 27. Bc1 Kh7 28. Qd3 Kg6 29. Bd2 Kg7 30. Be1 f4 31. e4 Ng3 32. e5 Nfh5 33. Qa3 f6 34. exf6+ Nxf6 35. Nc1 e5 36. dxe5 Qxe5 37. Bc3 d4 38. Bb2 Nd5 39. Qd3 Nf5 40. Qe4 Qf6 41. Nd3 Nc3 0-1

[Event "Zlota Wieza op 49th"]
[Site "Gniezno"]
[Date "2007.05.20"]
[Round "2"]
[White "Tyszkiewicz, Zbigniew"]
[Black "Siekaniec, Jan"]
[Result "0-1"]
[WhiteElo "2109"]
[BlackElo "2196"]
[PlyCount "94"]
[EventDate "2007.05.20"]
[EventType "swiss"]
[EventRounds "9"]
[EventCountry "POL"]
[SourceTitle "EXT 2011"]
[Source "ChessBase"]
[SourceDate "2010.11.26"]
[SourceVersion "1"]
[SourceVersionDate "2010.11.26"]
[SourceQuality "1"]

1. Nf3 Nf6 2. c4 g6 3. Nc3 Bg7 4. e4 d6 5. d4 0-0 6. h3 e5 7. Be3 c6 8. Qd2 Nbd7 9. dxe5 dxe5 10. Bd3 Qe7 11. Rd1 Re8 12. 0-0 Nh5 13. Rfe1 Bf8 14. a3 a5 15. Na4 Qf6 16. Nh2 Qe7 17. g4 Ng7 18. c5 Ne6 19. Rc1 Bg7 20. Nf3 Rd8 21. Qc3 Qf6 22. Nd2 Nf4 23. Bf1 Nf8 24. Nb6 Rb8 25. Nxc8 Rbxc8 26. Nc4 N8e6 27. Bxf4 Nxf4 28. Nxa5 Rc7 29. Red1 Rdd7 30. Rxd7 Rxd7 31. Nc4 h5 32. Re1 Rd4 33. Qg3 h4 34. Qc3 Bh6 35. b4 Rd3 36. Qxe5 Nxh3+ 37. Bxh3 Qxe5 38. Nxe5 Rxh3 39. Rd1 Rxa3 40. Rd8+ Kg7 41. Rd7 Kf6 42. Nxf7 Bf4 43. Nh8 h3 44. g5+ Kxg5 45. Rd1 Kf6 46. e5+ Bxe5 47. f4 Bxf4 0-1

[Event "POL-chT 2nd League"]
[Site "Lublin"]
[Date "2006.09.10"]
[Round "9.64"]
[White "Tyszkiewicz, Zbigniew"]
[Black "Delega, Tomasz"]
[Result "1/2-1/2"]
[WhiteElo "2140"]
[BlackElo "2116"]
[PlyCount "23"]
[EventDate "2006.09.02"]
[EventType "team-swiss"]
[EventRounds "9"]
[EventCountry "POL"]
[SourceTitle "EXT 2019"]
[Source "ChessBase"]
[SourceDate "2018.10.10"]
[SourceVersion "1"]
[SourceVersionDate "2018.10.10"]
[SourceQuality "1"]
[WhiteTeam "Pultusk Nadnarwianka"]
[BlackTeam "Miedzyborow Wrzos"]
[WhiteTeamCountry "POL"]
[BlackTeamCountry "POL"]

1. c4 e5 2. Nc3 Nc6 3. g3 Nf6 4. Bg2 Bc5 5. Nf3 d6 6. d3 0-0 7. 0-0 h6 8. h3 a5 9. b3 Be6 10. Kh2 Nd7 11. e3 f5 12. d4 1/2-1/2

[Event "POL-chT 2nd League"]
[Site "Lublin"]
[Date "2006.09.07"]
[Round "6.88"]
[White "Tyszkiewicz, Zbigniew"]
[Black "Swiatnicki, Andrzej"]
[Result "0-1"]
[WhiteElo "2140"]
[BlackElo "2183"]
[PlyCount "42"]
[EventDate "2006.09.02"]
[EventType "team-swiss"]
[EventRounds "9"]
[EventCountry "POL"]
[SourceTitle "EXT 2019"]
[Source "ChessBase"]
[SourceDate "2018.10.10"]
[SourceVersion "1"]
[SourceVersionDate "2018.10.10"]
[SourceQuality "1"]
[WhiteTeam "Pultusk Nadnarwianka"]
[BlackTeam "Konin Hetman"]
[WhiteTeamCountry "POL"]
[BlackTeamCountry "POL"]

1. c4 c6 2. Nf3 d5 3. cxd5 cxd5 4. d4 Nc6 5. Bf4 Nf6 6. Nc3 Bf5 7. e3 e6 8. Bb5 Nd7 9. 0-0 Be7 10. Na4 0-0 11. Bxc6 bxc6 12. Rc1 Rc8 13. Ne5 Nxe5 14. Bxe5 Qa5 15. a3 Qb5 16. Rc3 f6 17. Bg3 Rfe8 18. Re1 Bf8 19. Re2 e5 20. Rd2 exd4 21. exd4 Qxa4 0-1

[Event "POL-chT 2nd League"]
[Site "Lublin"]
[Date "2006.09.06"]
[Round "5.93"]
[White "Zaskalski, Arkadiusz"]
[Black "Tyszkiewicz, Zbigniew"]
[Result "0-1"]
[WhiteElo "2224"]
[BlackElo "2140"]
[PlyCount "85"]
[EventDate "2006.09.02"]
[EventType "team-swiss"]
[EventRounds "9"]
[EventCountry "POL"]
[SourceTitle "EXT 2019"]
[Source "ChessBase"]
[SourceDate "2018.10.10"]
[SourceVersion "1"]
[SourceVersionDate "2018.10.10"]
[SourceQuality "1"]
[WhiteTeam "Krakow KKSz"]
[BlackTeam "Pultusk Nadnarwianka"]
[WhiteTeamCountry "POL"]
[BlackTeamCountry "POL"]

1. Nf3 c5 2. c4 Nf6 3. g3 b6 4. Bg2 Bb7 5. 0-0 e6 6. d4 cxd4 7. Qxd4 Nc6 8. Qf4 d6 9. Nc3 a6 10. e4 Nd7 11. b3 Nce5 12. Ba3 Qc7 13. Qe3 Nxf3+ 14. Bxf3 Be7 15. Rfd1 0-0 16. Bg2 Rad8 17. Rd2 Rfe8 18. Rad1 Nc5 19. Bb2 h6 20. h4 Nd7 21. Ne2 Bf8 22. Nf4 Qb8 23. Nh5 e5 24. g4 g6 25. Ng3 Nc5 26. Ne2 Bc8 27. Bh3 Qc7 28. Nc3 Qe7 29. Qg3 Be6 30. b4 Nb7 31. Nd5 Bxd5 32. cxd5 Rc8 33. Bf1 a5 34. a3 Bg7 35. g5 Kh7 36. Bb5 Rf8 37. Qe3 f5 38. exf5 Rxf5 39. Bd3 Rf4 40. Qg3 h5 41. Qh3 Rc7 42. bxa5 bxa5 43. Re2 0-1

[Event "POL-chT 2nd League"]
[Site "Polanica Zdroj"]
[Date "2004.09.12"]
[Round "11.40"]
[White "Olszewski, Marek"]
[Black "Tyszkiewicz, Zbigniew"]
[Result "1-0"]
[WhiteElo "2197"]
[BlackElo "2146"]
[PlyCount "113"]
[EventDate "2004.09.04"]
[EventType "team-swiss"]
[EventRounds "11"]
[EventCountry "POL"]
[SourceTitle "EXT 2019"]
[Source "ChessBase"]
[SourceDate "2018.10.10"]
[SourceVersion "1"]
[SourceVersionDate "2018.10.10"]
[SourceQuality "1"]
[WhiteTeam "Bydgoszcz Chemik"]
[BlackTeam "Pultusk Nadnarwianka"]
[WhiteTeamCountry "POL"]
[BlackTeamCountry "POL"]

1. e4 c5 2. Nf3 e6 3. c4 d6 4. d4 cxd4 5. Nxd4 Nf6 6. Nc3 a6 7. Be2 Be7 8. Be3 b6 9. 0-0 Bb7 10. f3 0-0 11. Rc1 Nc6 12. Qd2 Rc8 13. Rfd1 Ne5 14. b3 Re8 15. Qe1 Nfd7 16. f4 Nc6 17. Nf3 Bf8 18. Bd3 g6 19. Bb1 Nc5 20. e5 Qc7 21. Bxc5 dxc5 22. Ne4 Red8 23. Nf6+ Kg7 24. Qh4 h6 25. Ng4 h5 26. Nf6 Be7 27. Qg5 Nd4 28. Nxd4 cxd4 29. Nxh5+ Kh7 30. Nf6+ Kg7 31. Rd3 Rh8 32. Rg3 Kf8 33. Rd1 b5 34. Bd3 bxc4 35. bxc4 a5 36. Bxg6 fxg6 37. Qxg6 Bc5 38. Rdd3 Qf7 39. Qg5 Ke7 40. Ne4+ Kd7 41. Nxc5+ Rxc5 42. Rxd4+ Kc7 43. h3 a4 44. Kh2 Bc6 45. Qg4 Rd8 46. Qd1 Rg8 47. Rxg8 Qxg8 48. Qg1 Qg6 49. Rd2 Ra5 50. Qd4 Qe8 51. Qd6+ Kc8 52. Rb2 Ra8 53. Rb6 Bb7 54. c5 Bd5 55. c6 Be4 56. c7 Bc2 57. Qb4 1-0

[Event "POL-chT 2nd League"]
[Site "Polanica Zdroj"]
[Date "2004.09.09"]
[Round "7"]
[White "Tyszkiewicz, Zbigniew"]
[Black "Stachanczyk, Jacek"]
[Result "1-0"]
[WhiteElo "2146"]
[BlackElo "2157"]
[PlyCount "51"]
[EventDate "2004.09.04"]
[EventType "team-swiss"]
[EventRounds "11"]
[EventCountry "POL"]
[SourceTitle "CBM 102 Extra"]
[Source "ChessBase"]
[SourceDate "2004.11.03"]
[SourceVersion "1"]
[SourceVersionDate "2004.11.03"]
[SourceQuality "1"]
[WhiteTeam "Pultusk Nadnarwianka"]
[BlackTeam "Jaworzno JKSz MCKiS II"]
[WhiteTeamCountry "POL"]
[BlackTeamCountry "POL"]

1. Nf3 f5 2. b3 d6 3. d4 Nf6 4. e3 c6 5. Bd3 g6 6. 0-0 Bg7 7. Bb2 0-0 8. c4 Qe8 9. Qc2 Nbd7 10. Nbd2 e5 11. dxe5 dxe5 12. e4 f4 13. c5 Qe7 14. b4 Ng4 15. Nc4 b5 16. Na5 Qf6 17. a4 a6 18. axb5 axb5 19. Rfd1 Nh6 20. Bf1 Nf7 21. Rd2 Rd8 22. Qb3 Kh8 23. Bc3 g5 24. Nxc6 Rxa1 25. Bxa1 Nxc5 26. bxc5 1-0

[Event "POL-chT 2nd League"]
[Site "Wysowa"]
[Date "2003.09.09"]
[Round "5"]
[White "Krajewski, Radoslaw"]
[Black "Tyszkiewicz, Zbigniew"]
[Result "1/2-1/2"]
[WhiteElo "2106"]
[BlackElo "2175"]
[PlyCount "67"]
[EventDate "2003.09.06"]
[EventType "team-swiss"]
[EventRounds "11"]
[EventCountry "POL"]
[SourceTitle "CBM 096 Extra"]
[Source "ChessBase"]
[SourceDate "2003.10.22"]
[SourceVersion "2"]
[SourceVersionDate "2003.10.20"]
[SourceQuality "1"]
[WhiteTeam "Gliwice Roszada"]
[BlackTeam "Pultusk Nadnarwianka"]
[WhiteTeamCountry "POL"]
[BlackTeamCountry "POL"]

1. d4 Nf6 2. c4 e6 3. Nf3 b6 4. g3 Bb4+ 5. Bd2 Qe7 6. Bg2 Bb7 7. 0-0 Bxd2 8. Qxd2 d6 9. Nc3 Ne4 10. Qc2 Nxc3 11. Qxc3 Nd7 12. Qc2 Nf6 13. Nh4 Bxg2 14. Kxg2 0-0 15. e4 Nd7 16. f4 c5 17. d5 g6 18. dxe6 Qxe6 19. Rad1 Nf6 20. Rfe1 Rfe8 21. Nf3 Qe7 22. e5 dxe5 23. Rxe5 Qb7 24. Rde1 Rxe5 25. Rxe5 Ng4 26. Qe4 Qxe4 27. Rxe4 Kf8 28. h3 Nf6 29. Re2 Rd8 30. Rd2 Rxd2+ 31. Nxd2 Ke7 32. Kf3 Ne8 33. g4 Nd6 34. Ke3 1/2-1/2

[Event "POL-chT 2nd div North"]
[Site "Lublin"]
[Date "1999.??.??"]
[Round "5"]
[White "Tyszkiewicz, Zbigniew"]
[Black "Mazalon, Mariusz"]
[Result "0-1"]
[WhiteElo "2160"]
[BlackElo "2225"]
[PlyCount "62"]
[EventDate "1999.09.11"]
[EventType "team-swiss"]
[EventRounds "8"]
[EventCountry "POL"]
[SourceTitle "EXT 2003"]
[Source "ChessBase"]
[SourceDate "2002.11.25"]
[SourceVersion "1"]
[SourceVersionDate "2002.11.25"]
[SourceQuality "1"]
[WhiteTeam "Pultusk Nadnarwianka"]
[BlackTeam "Bydgoszcz Chemik"]
[WhiteTeamCountry "POL"]
[BlackTeamCountry "POL"]

1. Nf3 Nc6 2. d4 d5 3. g3 Bg4 4. Bg2 e6 5. 0-0 Nf6 6. Nbd2 Be7 7. c3 0-0 8. Re1 Rb8 9. h3 Bh5 10. b4 Bd6 11. a3 a5 12. Bb2 Ne4 13. Nf1 f5 14. Qb3 b5 15. Rad1 g5 16. N3d2 Qf6 17. Qc2 a4 18. Ra1 Bg6 19. Qd1 h5 20. e3 Ne7 21. Qe2 Rf7 22. Ra2 c6 23. f4 h4 24. fxg5 Qxg5 25. Nf3 Qh6 26. gxh4 Bh5 27. Qd3 Bxf3 28. Bxf3 Rg7+ 29. Bg2 Qxh4 30. Re2 Qxh3 31. Bc1 Kf7 0-1